000 00211nam a2200109Ia 4500
100 _a#N/A
942 _cBK
654 _awindows
245 _aWindows Server 2008 Networking
260 _b#N/A
546 _aENGLISH
999 _c33008
_d33008